| 000 | 00622nam a2200253 a 4500 | ||
|---|---|---|---|
| 003 | AR-BaBNM | ||
| 005 | 20251128203215.0 | ||
| 008 | 082120s2002 ||||||||||||||000 | spa|| | ||
| 040 | _cAR-BaBNM | ||
| 100 | 1 | _aMontoliu, Manuel de | |
| 245 | 0 | 0 | _aVida de Cervantes |
| 260 |
_aBarcelona _bSeix Barral _c1915 |
||
| 300 |
_a89 p. _bláms. |
||
| 490 | 0 | _aVidas de grandes hombres | |
| 650 | 4 | _aBIOGRAFIAS | |
| 650 | 4 | _aLITERATURA | |
| 650 | 4 | _aRENACIMIENTO | |
| 650 | 4 | _aHISTORIA LITERARIA | |
| 651 | 4 | _aEspaña | |
| 655 | _aBIOGRAFIAS | ||
| 800 | 1 |
_aPalau Vera, Juan _edirector |
|
| 942 | _cBK | ||
| 998 | _cEnrique | ||
| 999 |
_c2390 _d2390 |
||